Dinamica da cidade: cidade e bordas urbanas

Saved in:
Bibliografiske detaljer
Main Authors: Silveira, José Augusto Ribeiro da (Author), Silva, Milena Dutra da (Author), Castro, Alexandre Augusto B. da C (Author)
Format: Bog
Sprog:portugisisk
Udgivet: Joao Pessoa Universitaria UFPB 2015
Udgivelse:1a. ed
Fag:
Tags: Tilføj Tag
Ingen Tags, Vær først til at tagge denne postø!

MARC

LEADER 00000cam a2200000 a 4500
001 UCD6392
003 CL-VaPUC
008 161209e20150000bl |||||||||||||||||por|d
020 |a 9788598498379 
082 0 4 |a 711.094  |b SIL  |2 21 
100 0 |a Silveira, José Augusto Ribeiro da  |e author  |9 590226 
700 0 |a Silva, Milena Dutra da  |e author  |9 590227 
700 0 |a Castro, Alexandre Augusto B. da C  |e author  |9 590228 
245 1 0 |a Dinamica da cidade: cidade e bordas urbanas 
250 |a 1a. ed 
300 |a 185 p 
942 |c BK 
945 |d 20161209 23:21:00  |a dcastane 
260 |a Joao Pessoa  |b Universitaria UFPB  |c 2015 
650 0 |a Planificación urbana   |9 258176 
650 0 |a Urbanismo  |9 255208 
650 0 |a Espacios urbanos  |9 262902 
650 0 |a Ciudades  |9 265474 
583 |a last modification  |c 20190704 09:27:42  |k Rodrigo Vera 
999 |c 366745  |d 366743 
952 |0 0  |1 0  |3 erb  |4 0  |6 711_094000000000000_SIL_2015  |7 0  |8 P  |9 481271  |a BIBARQ  |b BIBARQ  |i 5354897  |o 711.094 SIL 2015  |p 5354897  |r 2025-01-20  |w 2019-11-24  |y BK  |z Catalogado en:20161209  |k ARQ 
952 |0 0  |1 0  |3 erb  |4 0  |6 711_094000000000000_SIL_2015  |7 0  |8 P  |9 481272  |a BIBARQ  |b BIBARQ  |i 5354889  |o 711.094 SIL 2015  |p 5354889  |r 2025-01-20  |w 2019-11-24  |y BK  |z Catalogado en:20161209  |k ARQ